<?xml version="1.0" encoding="UTF-8"?>
<record
    xmlns:xsi="http://www.w3.org/2001/XMLSchema-instance"
    xsi:schemaLocation="http://www.loc.gov/MARC21/slim http://www.loc.gov/standards/marcxml/schema/MARC21slim.xsd"
    xmlns="http://www.loc.gov/MARC21/slim">

  <leader>00796cam7a220024100 4500</leader>
  <controlfield tag="001">qce01022828</controlfield>
  <controlfield tag="005">20190815093756.0</controlfield>
  <controlfield tag="008">750722s1968    at                  eng u</controlfield>
  <datafield tag="010" ind1=" " ind2=" ">
    <subfield code="a">   67016095</subfield>
  </datafield>
  <datafield tag="035" ind1=" " ind2=" ">
    <subfield code="a">(Sirsi) r32226</subfield>
  </datafield>
  <datafield tag="035" ind1=" " ind2=" ">
    <subfield code="a">(QCAT)lss00907706</subfield>
  </datafield>
  <datafield tag="035" ind1=" " ind2=" ">
    <subfield code="a">(UPRA)qce01022828</subfield>
  </datafield>
  <datafield tag="040" ind1=" " ind2=" ">
    <subfield code="d">UPRA</subfield>
  </datafield>
  <datafield tag="050" ind1="0" ind2=" ">
    <subfield code="a">GN475.9</subfield>
    <subfield code="b">.M6</subfield>
  </datafield>
  <datafield tag="100" ind1="1" ind2=" ">
    <subfield code="a">Mountford, Charles Pearcy, 1890-1977.</subfield>
    <subfield code="d">Mountford, Charles Pearcy, 1890-1977.</subfield>
    <subfield code="6">A32068.1</subfield>
  </datafield>
  <datafield tag="245" ind1="1" ind2="0">
    <subfield code="a">Winbaraku and the myth of Jarapiri /</subfield>
    <subfield code="c">[by] Charles P. Mountford.</subfield>
  </datafield>
  <datafield tag="260" ind1=" " ind2=" ">
    <subfield code="a">[Adelaide] :</subfield>
    <subfield code="b">Rigby,</subfield>
    <subfield code="c">[1968]</subfield>
  </datafield>
  <datafield tag="650" ind1=" " ind2="0">
    <subfield code="a">Serpents (in religion, folk-lore, etc.)</subfield>
    <subfield code="6">S69445.1</subfield>
  </datafield>
  <datafield tag="650" ind1=" " ind2="0">
    <subfield code="a">Mythology, Australian aboriginal.</subfield>
    <subfield code="6">S23920.1</subfield>
  </datafield>
  <datafield tag="740" ind1="0" ind2=" ">
    <subfield code="a">Jarapiri.</subfield>
  </datafield>
  <datafield tag="949" ind1=" " ind2=" ">
    <subfield code="a">GN475.9</subfield>
    <subfield code="w">lcc</subfield>
    <subfield code="i">-36997</subfield>
    <subfield code="m">MAIN</subfield>
    <subfield code="t">BOOK</subfield>
    <subfield code="l">ON-SHELF</subfield>
  </datafield>
  <controlfield tag="004">32226</controlfield>
  <datafield tag="999" ind1=" " ind2=" ">
    <subfield code="c">58641</subfield>
    <subfield code="d">58641</subfield>
  </datafield>
</record>
